000 00823nam a2200181Ia 4500
008 100920s9999 xx 000 0 und d
082 _b63265
_a61 थ 71
100 _aसंपादक-शिखरे दा. न.
245 _aगीतारहस्य-बोध (लोकमान्यांचा शब्दात).
260 _bमहात्मा मासिक कार्यालय, पुणे.
_c1971
300 _a138
_bसाधी
365 _b5
520 _aस्थानिक वाचन.
630 _aगीतारहस्य-बोध (लोकमान्यांचा शब्दात).
650 _aस्थानिक वाचन.
730 _aगीतारहस्य-बोध (लोकमान्यांचा शब्दात).
942 _cBOOK
999 _c706346
_d706343